00525nam a2200169Ia 4500003000900000008004100009040001600050080002500066110003300091245008200124260005000206300000800256500001900264650003300283650001800316650002100334IN-BaIIA211028s9999 xx 000 0 eng d cIIA Library a083.7:621.912.2bISI aIndian Standards Institution 0aIndian standard test chart for shaping machinescIndian Standards Institution aNew DelhibIndian Standards Institutionc1974 a8p. aIS 2310 : 1963 a Shaping Machines-Standards a Standards  aNASA Thesaurus